The Holy trinity : (Record no. 7589)
[ view plain ]
| 000 -LEADER | |
|---|---|
| fixed length control field | 00660nam a22002052 4500 |
| 001 - CONTROL NUMBER | |
| control field | 0000008474 |
| 005 - DATE AND TIME OF LATEST TRANSACTION | |
| control field | 20151217152034.0 |
| 008 - FIXED-LENGTH DATA ELEMENTS--GENERAL INFORMATION | |
| fixed length control field | 080415s xx 000 0 eng d |
| 020 ## - INTERNATIONAL STANDARD BOOK NUMBER | |
| International Standard Book Number | 0875520006 : |
| Terms of availability | KES 1200 |
| 040 ## - CATALOGING SOURCE | |
| Original cataloging agency | KABU |
| Transcribing agency | KABU |
| 100 1# - MAIN ENTRY--PERSONAL NAME | |
| Personal name | Letham, Robert. |
| -- | 0000159070 |
| 245 14 - TITLE STATEMENT | |
| Title | The Holy trinity : |
| Remainder of title | in scriptures, histoty, theology, and worship / |
| Statement of responsibility, etc. | Robert Letham. |
| 260 ## - PUBLICATION, DISTRIBUTION, ETC. (IMPRINT) | |
| Place of publication, distribution, etc. | Phillpisburg, NJ. : |
| Name of publisher, distributor, etc. | P & R, |
| Date of publication, distribution, etc. | 2004. |
| 300 ## - PHYSICAL DESCRIPTION | |
| Extent | xv, 551 p. ; |
| Dimensions | cm. |
| 650 #0 - SUBJECT ADDED ENTRY--TOPICAL TERM | |
| Topical term or geographic name as entry element | Trinity. |
| -- | 0000149384 |
| 852 1# - LOCATION | |
| -- | p350 KES |
| 908 ## - PUT COMMAND PARAMETER (RLIN) | |
| Put command parameter | 080415 |
| 950 ## - LOCAL HOLDINGS (RLIN) | |
| -- | 1 |
| Withdrawn status | Lost status | Source of classification or shelving scheme | Not for loan | Home library | Current library | Date acquired | Total Checkouts | Full call number | Barcode | Date last seen | Price effective from | Koha item type |
|---|---|---|---|---|---|---|---|---|---|---|---|---|
| Library of Congress Classification | Kabarak, Main Campus | Kabarak, Main Campus | 17/12/2015 | BT111.3 .L48 | 005884 | 02/08/2024 | 17/12/2015 | General Collection | ||||
| Library of Congress Classification | Kabarak, Main Campus | Kabarak, Main Campus | 17/12/2015 | BT111.3 .L48 | 013493 | 02/08/2024 | 17/12/2015 | General Collection |